| 000 | 00862nam a2200253 a 4500 | ||
|---|---|---|---|
| 001 | 48333 | ||
| 003 | BD-RjUL | ||
| 005 | 20211209054514.0 | ||
| 008 | 160813s2006 bg ||||| |||| 00| 0 ben d | ||
| 020 | _c: Tk.100.00 | ||
| 035 | _a(BD-RjUL)48452 | ||
| 040 |
_aBD-RjUL _bben _cBD-RjUL |
||
| 041 | _aben | ||
| 082 |
_223 _a657.42 _bMOU 2006 |
||
| 100 | 1 |
_aমণ্ডল, এম,এ _9146308 |
|
| 245 | 1 | 0 |
_aউৎপাদন ব্যয় হিসাব বিজ্ঞান = Cost accounting / _cএম,এ মণ্ডল. |
| 250 | _a৯ম সং. | ||
| 260 |
_aঢাকা : _bবাংলা বাজার , _c২০০৬. |
||
| 300 |
_aখণ্ড ; _c২১ সেমি. |
||
| 505 | _aখণ্ড ২-- | ||
| 650 |
_a ব্যয় হিসাব বিজ্ঞান _9146281 |
||
| 650 |
_acost accounting _9146309 |
||
| 942 |
_2ddc _cBK |
||
| 999 |
_c48333 _d48333 |
||